Breve antología del cuento dominicano / (Registro nro. 7933)

Detalles MARC
000 -LIDER
fixed length control field 02107nam a2200397 a 4500
001 - NÚMERO DE CONTROL
Identificador de número de control 000011500
003 - IDENTIFICACDOR DE NÚMERO DE CONTROL
control field DO-SdBNP
005 - DATE AND TIME OF LATEST TRANSACTION
control field 20210817083458.0
008 - ELEMENTOS DE LONGITUD FIJA
fixed length control field 091019t2005 dr ac 001 j spa d
020 ## - ISBN
Canceled/invalid ISBN 9993483285
040 ## - FUENTE DE CATALOGACIÓN
Agencia que crea de manera original el registro BPMSU
Idioma de catalogación spa
Agencia que realiza la transcripción BPMSU
082 #4 - NÚMERO DE CLASIFICACIÓN DECIMAL DE DEWEY
Classification number RD863.4408
Item number B846a
092 ## - LOCALLY ASSIGNED DEWEY DECIMAL CALL NUMBER
Número de clasificación
245 00 - MENCIÓN DE TITULO
Título Breve antología del cuento dominicano /
Mención de responsabilidad Juan Bosch ... [et al.].
260 ## - PUBLICACIÓN, DISTRIBUCIÓN, ETC. (PIE DE IMPRENTA)
Lugar de publicación, distribución, etc Santo Domingo :
Nombre del editor, distribuidor, etc. ABC,
Fecha de publicación, distribución, etc 2005.
300 ## - DESCRIPCIÓN FÍSICA
Extensión 142 p. :
Otros detalles físicos il., retrs. ;
Dimensiones 22 cm.
505 0# - NOTA DE CONTENIDO
Título La mujer /
Mención de responsabilidad Juan Bosch --
Título La noche buena de Encarnación Mendoza /
Mención de responsabilidad Juan Bosch --
Título Los amos /
Mención de responsabilidad Juan Bosch --
Título El diablo ronda en los guayacanes /
Mención de responsabilidad Sócrates Nolasco --
Título En busca del enganche /
Mención de responsabilidad Ramón Marrero Aristy --
Título La ventana /
Mención de responsabilidad Hilma Contreras --
Título La enemiga /
Mención de responsabilidad Virgilio Díaz Grullón --
Título Ratones /
Mención de responsabilidad Virgilio Díaz Grullón --
Título El gato /
Mención de responsabilidad Armando Almánzar Rodríguez --
Título La fértil agonía del amor /
Mención de responsabilidad Marcio Véloz Maggiolo --
Título Ahora que vuelvo, Ton /
Mención de responsabilidad René del Risco Bermúdez --
Título Delicatessen /
Mención de responsabilidad Miguel Afonseca --
Título Envidia /
Mención de responsabilidad Jeannette Miller --
Título Los muchachos del Memphis /
Mención de responsabilidad Pedro Peix --
Título Masticar una rosa /
Mención de responsabilidad Ángela Hernández --
Información miscelánea Apéndices :
Título Apuntes sobre el arte de escribir cuentos /
Mención de responsabilidad Juan Bosch --
Título Apuntes sobre la cuentística de Virgilio Díaz Grullón /
Mención de responsabilidad Ángela Hernández --
650 #4 - ENCABEZAMIENTO DE MATERIA--TEMÁTICO
Término temático o nombre geográfico como elemento de entrada Cuentos dominicanos
Subdivisión temática general Colecciones
650 #4 - ENCABEZAMIENTO DE MATERIA--TEMÁTICO
Término temático o nombre geográfico como elemento de entrada Literatura dominicana
700 1# - ASIENTO SECUNDARIO -- NOMBRE PERSONAL
Nombre personal Bosch, Juan,
Fechas asociadas con el nombre 1909-2001
9 (RLIN) 1
700 1# - ASIENTO SECUNDARIO -- NOMBRE PERSONAL
Nombre personal Nolasco, Sócrates,
Fechas asociadas con el nombre 1884-1980
700 1# - ASIENTO SECUNDARIO -- NOMBRE PERSONAL
Nombre personal Marrero Aristy, Ramón,
Fechas asociadas con el nombre 1913-1959
700 1# - ASIENTO SECUNDARIO -- NOMBRE PERSONAL
Nombre personal Contreras, Hilma,
Fechas asociadas con el nombre 1913-2006
700 1# - ASIENTO SECUNDARIO -- NOMBRE PERSONAL
Nombre personal Díaz Grullón, Virgilio,
Fechas asociadas con el nombre 1924-2001
700 1# - ASIENTO SECUNDARIO -- NOMBRE PERSONAL
Nombre personal Almánzar Rodríguez, Armando,
Fechas asociadas con el nombre 1935-
700 1# - ASIENTO SECUNDARIO -- NOMBRE PERSONAL
Nombre personal Veloz Maggiolo, Marcio,
Fechas asociadas con el nombre 1936-
700 1# - ASIENTO SECUNDARIO -- NOMBRE PERSONAL
Nombre personal Risco Bermúdez, René del,
Fechas asociadas con el nombre 1937-1972
700 1# - ASIENTO SECUNDARIO -- NOMBRE PERSONAL
Nombre personal Alfonseca, Miguel,
Fechas asociadas con el nombre 1942-1994
700 1# - ASIENTO SECUNDARIO -- NOMBRE PERSONAL
Nombre personal Miller, Jeannette,
Fechas asociadas con el nombre 1944-
700 1# - ASIENTO SECUNDARIO -- NOMBRE PERSONAL
Nombre personal Peix, Pedro,
Fechas asociadas con el nombre 1952-
700 1# - ASIENTO SECUNDARIO -- NOMBRE PERSONAL
Nombre personal Hernández, Ángela,
Fechas asociadas con el nombre 1954-
910 ## - VALIDACIÓN
Validación Validado. Control de calidad EMS.
942 ## - ADDED ENTRY ELEMENTS (KOHA)
Source of classification or shelving scheme Dewey Decimal Classification
Koha item type Libros
945 ## - INFORMACIÓN DE PROCESAMIENTO LOCAL
Información de procesamiento local Remanejado para BNPHU / 2017 VM
956 ## - LOCAL ELECTRONIC LOCATION AND ACCESS (OCLC)
Nombre de host VMATEO
Número de acceso 10
Información de compresión 20150623
Inicio de sesión BPMSU
Existencias
Withdrawn status Lost status Source of classification or shelving scheme Damaged status Not for loan Collection code Home library Current library Date acquired Total Checkouts Full call number Barcode Date last seen Price effective from Koha item type
    Dewey Decimal Classification     Colección Dominicana Biblioteca Pública Metropolitana Salomé Ureña Biblioteca Pública Metropolitana Salomé Ureña 06/23/2015   863.4408 B846s BPMSU15060140 06/23/2015 06/23/2015 Libros